El legado de tucídides en la cultura occidental : discursos e historia /

Guardado en:
Autor Principal: Iglesias-zoido, Juan Carlos
Formato: Libro
Publicado: Coímbra : Cech, 2011
Materias:
Etiquetas: Agregar Etiqueta
Sin Etiquetas, Sea el primero en etiquetar este registro!
LEADER 00686nam a22002175a 4500
001 EHU.bham045477
003 AR-BHAM
005 20181227095556.0
008 130507s2011##################000#0#####d
020 |a 9789898281753 
082 8 8 |a 888.7 
100 1 |a Iglesias-zoido, Juan Carlos 
245 1 0 |a El legado de tucídides en la cultura occidental :  |b discursos e historia /  |c  Juan Carlos Iglesias-zoido 
260 |a Coímbra :  |b Cech,  |c 2011 
300 |a 300 p. 
600 1 4 |a Tucídides 
653 |a Literatura griega 
653 |a Cultura griega 
653 |a Grecia-historia de 
653 |a Historiografía-estudio de la 
859 |a AR-BHAM  |b BIB. HUMANIDADES - General  |h 888.7  |i Ig8  |p 302.18  |t Ej.1